Patrología
Saved in:
| Hovedforfatter: | |
|---|---|
| Format: | Bog |
| Sprog: | spansk |
| Udgivet: |
Madrid
Biblioteca de Autores Cristianos
1978
|
| Udgivelse: | 3a. ed |
| Serier: | Biblioteca de Autores Cristianos, 206
|
| Fag: | |
| Tags: |
Tilføj Tag
Ingen Tags, Vær først til at tagge denne postø!
|
MARC
| LEADER | 00000cam a2200000 a 4500 | ||
|---|---|---|---|
| 001 | UCZ5390 | ||
| 003 | CL-VaPUC | ||
| 008 | 951117e19780000SP |||||||||||||||||spa|d | ||
| 020 | |a 8422004194o.c | ||
| 020 | |a 8422005433v.1 | ||
| 082 | 0 | 4 | |a 270 |b QUA |2 21 |
| 100 | 0 | |a Quasten, Johannes |e author |9 349345 | |
| 245 | 1 | 0 | |a Patrología |
| 250 | |a 3a. ed | ||
| 300 | |a v | ||
| 942 | |c BK | ||
| 945 | |d 19951117 00:00:00 |a lriquelm | ||
| 260 | |a Madrid |b Biblioteca de Autores Cristianos |c 1978 | ||
| 500 | |a v.1: Hasta el concilio de Nicea | ||
| 500 | |a v.2: La edad de oro de la literatura patrística griega | ||
| 650 | 0 | |a Patrología |9 349346 | |
| 583 | |a last modification |c 20150714 03:16:31 |k Rodrigo Vera | ||
| 490 | 0 | |a Biblioteca de Autores Cristianos, 206 | |
| 999 | |c 241708 |d 241706 | ||
| 952 | |0 0 |1 0 |4 0 |6 270_000000000000000_QUA_1978 |7 0 |8 P |9 254129 |a BIBEDU |b BIBEDU |c BIBEDU_PB |d 2019-11-19 |h v.1 |i 1575260 |l 2 |m 1 |o 270 QUA 1978 |p 1575260 |r 2024-09-06 |s 2024-08-30 |w 2019-11-19 |y BK |k FIL | ||
| 952 | |0 0 |1 0 |4 0 |6 270_000000000000000_QUA_1978 |7 0 |8 P |9 254130 |a BIBEDU |b BIBEDU |c BIBEDU_PB |d 2019-11-19 |h v.2 |i 1575279 |o 270 QUA 1978 |p 1575279 |r 2024-01-25 |w 2019-11-19 |y BK |k FIL | ||
| 952 | |0 0 |1 0 |4 0 |6 270_000000000000000_QUA_1978 |7 0 |8 A |9 254131 |a BIBTEO |b BIBTEO |d 2019-11-19 |h v.1 |i 2099985 |o 270 QUA 1978 |p 2099985 |r 2025-01-17 |w 2019-11-19 |y BK |k ICR | ||
| 952 | |0 0 |1 0 |4 0 |6 270_000000000000000_QUA_1978 |7 0 |8 A |9 254132 |a BIBTEO |b BIBTEO |d 2019-11-19 |h v.1 |i 209990K |o 270 QUA 1978 |p 209990K |r 2025-01-17 |w 2019-11-19 |y BK |k ICR | ||
| 952 | |0 0 |1 0 |4 0 |6 270_000000000000000_QUA_1978 |7 0 |8 A |9 254133 |a BIBTEO |b BIBTEO |d 2019-11-19 |h v.1 |i 2099950 |o 270 QUA 1978 |p 2099950 |r 2025-01-17 |w 2019-11-19 |y BK |k ICR | ||
| 952 | |0 0 |1 0 |3 erd |4 0 |6 270_000000000000000_QUA_1978 |7 0 |8 A |9 254134 |a BIBTEO |b BIBTEO |e Casale Rolle, Carlos Ignacio, -2014 |h v.1 |i 5184398 |l 2 |o 270 QUA 1978 |p 5184398 |r 2025-01-17 |s 2023-10-25 |w 2019-11-19 |y BK |z Catalogado en:20150728 |k ICR | ||
| 952 | |0 0 |1 0 |3 erd |4 0 |6 270_000000000000000_QUA_1978 |7 0 |8 A |9 254135 |a BIBTEO |b BIBTEO |e Casale Rolle, Carlos Ignacio, -2014 |h v.2 |i 5184592 |o 270 QUA 1978 |p 5184592 |r 2025-01-17 |w 2019-11-19 |y BK |z Catalogado en:20150728 |k ICR | ||
| 952 | |0 0 |1 0 |3 erd |4 0 |6 270_000000000000000_QUA_1978 |7 0 |8 A |9 254136 |a BIBTEO |b BIBTEO |h v.1 |i 542254K |o 270 QUA 1978 |p 542254K |r 2025-01-17 |w 2019-11-19 |y BK |z Catalogado en:20170908 |k ICR | ||